01029cam a2200313 a 450000100060000000300080000600500170001400800390003103500190007004000440008904100080013308200240014110000310016524500330019626000330022930000210026249000560028350400410033965000330038065000290041365000260044265100220046865500290049065500280051965500270054765500250057470000270059985600890062621655BD-RjUL20211209000719.0140305s1962 nyuh b 000 1 eng a(BD-RjUL)21720 aDLCcDLCdDLCdOCoLCdDLCdBD-RjULbeng aeng00a823.8219bELM 19621 aEliot, George,d1819-1880.10aMiddlemarch /cGeorge Eliot. aNew York :bHarcourt,c1962. a795 p. ;c21 cm.1 aThe Clarendon edition of the novels of George Eliot aIncludes bibliographical references. 0aCity and town lifevFiction. 0aMarried peoplevFiction. 0aYoung womenvFiction. 0aEnglandvFiction. 7aDidactic fiction.2gsafd 7aDomestic fiction.2lcsh 7aBildungsromans.2gsafd 7aLove stories.2gsafd1 aCarroll, David,d1932-423Publisher descriptionuhttp://www.loc.gov/catdir/enhancements/fy0637/85021522-d.html